A TEXT BOOK MINERALOGY (Record no. 14542)

MARC details
000 -LEADER
fixed length control field 00412nam a22001577a 4500
003 - CONTROL NUMBER IDENTIFIER
control field OSt
005 - DATE AND TIME OF LATEST TRANSACTION
control field 20211025092002.0
008 - FIXED-LENGTH DATA ELEMENTS--GENERAL INFORMATION
fixed length control field 211025b |||||||| |||| 00| 0 eng d
020 ## - INTERNATIONAL STANDARD BOOK NUMBER
International Standard Book Number 0471193054
040 ## - CATALOGING SOURCE
Transcribing agency HU
082 ## - DEWEY DECIMAL CLASSIFICATION NUMBER
Classification number 549
100 ## - MAIN ENTRY--PERSONAL NAME
Personal name DANA SALISBURY EDWARD
9 (RLIN) 15199
245 ## - TITLE STATEMENT
Title A TEXT BOOK MINERALOGY
Remainder of title CRSTALLOGRAPHY AND PHYSICAL MINEALOGY
300 ## - PHYSICAL DESCRIPTION
Extent Xi 851 index
Other physical details hc
Dimensions 23
942 ## - ADDED ENTRY ELEMENTS (KOHA)
Source of classification or shelving scheme Dewey Decimal Classification
Koha item type Books like text book referance book
Suppress in OPAC No

No items available.